| 000 | 00642nam a2200229Ia 4500 | ||
|---|---|---|---|
| 005 | 20230128085308.0 | ||
| 008 | 131103s9999 xx 000 0 und d | ||
| 020 |
_a8185229600 _cRs. 250 |
||
| 040 | _aLoreto College | ||
| 041 | _aEnglish | ||
| 082 |
_a954.01 _bRAT |
||
| 100 | _aRatnagar, Shereen | ||
| 245 |
_aUnderstanding Harappa Civilization in the Greater Indus Valley _cShereen Ratnagar |
||
| 260 |
_aDelhi _bTulika _c2001 |
||
| 300 |
_ax,165p _b maps, photos, illus |
||
| 504 | _a1st reprint 2002 | ||
| 630 | _aIndus Valley Civilization | ||
| 650 | _aHistory-Ancient India | ||
| 651 | _aHarappa | ||
| 850 | _aLCLIB | ||
| 942 | _cBK | ||
| 999 |
_c5 _d50484 |
||